000 00351pab a2200133 454500
008 180718b1988 xxu||||| |||| 00| 0 eng d
100 _aShoup, Carl S.
245 _aDistribution of benefits from government services
_bHorizantal equity
260 _c1988
300 _a1-18
650 _aGovernment Services
773 _aPublic Finance
909 _a9580
999 _c9580
_d9580